| 000 | 00358nam a2200145Ia 4500 | ||
|---|---|---|---|
| 005 | 20251222143212.0 | ||
| 008 | 251222s9999||||xx |||||||||||||| ||spa|| | ||
| 020 | _a9786124097492 | ||
| 082 | _a869.56/G68/2013 | ||
| 100 | _aGonzález Viaña, Eduardo | ||
| 245 | 0 | _aHablar con la Muerte | |
| 250 | _a1ra.ed. | ||
| 264 | _bFondo Editorial UAP | ||
| 942 | _cLIB | ||
| 999 |
_c13494 _d13494 |
||